| 000 | 00853nam a2200241 i 4500 | ||
|---|---|---|---|
| 001 | 53609 | ||
| 003 | ES-MaACL | ||
| 005 | 20230907160829.0 | ||
| 007 | t| | ||
| 008 | 031104q1888 sp ||||1| spa d | ||
| 100 | 1 |
_aFawcett, Mrs. _949010 |
|
| 245 | 1 | 0 |
_aEconomía política para principiantes / _cpor Mrs. Fawcett ; traducción de S. Innerárity ; con un prólogo de Gumersindo de Azcárate. |
| 260 |
_aMadrid : _b[s.n.], _c[1888?] ( _fImp. de Lucas Polo) |
||
| 300 |
_aXVI, 156 p. ; _c17 cm. |
||
| 490 | 1 | _aBiblioteca Andaluza | |
| 500 | _aEn el anuncio editorial de la colección aparece la fecha de 1888. | ||
| 500 | _aEn portada: Tomo 1. | ||
| 700 | 1 |
_aInnerárity, S. _965325 |
|
| 700 | 1 |
_aAzcárate, Gumersindo de, _d1840-1917 _924243 |
|
| 830 | 0 |
_aBiblioteca Andaluza _9182455 |
|
| 852 |
_aES-MaACL _jD-462 |
||
| 999 |
_c53609 _d53609 |
||